000 00901nam0a22002651 4500
001 rc\3351395
005 20250609183039.0
035 _a(NLR Aleph) 007436452
090 _a7070046
_c7070046
100 _a20130115d1971 |||y0rusy50 ca
101 0 _arus
102 _aRU
105 _aa z |||||
200 1 _aАвтоматическая обработка данных хранения информации в памяти ЭВМ
210 _aМосква
_cНаука
_d1971
215 _a160 с.
_cсхем.
_d20
225 1 _aБиблиотечка программиста
320 _aБиблиогр.: с. 156-160
700 1 _aЛавров
_bС.С.
_f1923-
_gСвятослав Сергеевич
701 1 _aГончарова
_bЛ.И.
_gЛариса Ивановна
801 0 _aRU
_bNLR
_gpsbo
801 1 _aRU
_bELAR
_2rusmarc
852 _aNLR
_j71-3/6582
942 _cBOOK
980 _aNB